000 00870nam a2200277 4500
001 bimo0001903366
003 OSt
005 20140825093451.0
008 031211s2003 esp spa
020 _a978-84-8174-735-5
040 _aSpMaBN
_bspa
_cBMC
_erdc
082 _a612.39
100 1 _aRoach, Jason O'Neale
_924315
245 1 0 _aLo esencial en metabolismo y nutrición
_cJason O'Neale Roach ; [traducción y producción editorial, Diorki]
250 _a2ª ed
260 _aBarcelona [etc.]
_bElsevier
_c2008
300 _aIX, 263 p.
_bil., gráf.
_c25 cm
490 _aCursos Crash
594 _1En la port.: Autora de la 1ª ed., Sarah Benyon
594 _1Traducción de: Metabolism and nutrition
650 2 4 _aNutrición
_92745
650 2 4 _94297
_aMetabolismo
700 1 _aBenyon, Sarah
_924316
710 2 _95246
_aDiorki
942 _2ddc
_cBK
999 _c13193
_d13193